Leer la novela hispanoamericana del siglo XX
Uloženo v:
| Hlavní autoři: | , , , |
|---|---|
| Médium: | Kniha |
| Jazyk: | španělština |
| Vydáno: |
San Juan
Universidad Nacional de San Juan
1997
|
| Edice: | Literatura
|
| Témata: | |
| Tagy: |
Přidat tag
Žádné tagy, Buďte první, kdo vytvoří štítek k tomuto záznamu!
|
MARC
| LEADER | 00000nam a2200000 a 4500 | ||
|---|---|---|---|
| 001 | UCL4529 | ||
| 003 | CL-VaPUC | ||
| 008 | 040116e19970000AG |||||||||||||||||spa|d | ||
| 082 | 0 | 4 | |a H863.9 |b SAI |2 21 |
| 100 | 0 | |a Saint-André, Estela |e author |9 482080 | |
| 700 | 0 | |a Rolón, Adela |e author |9 482081 | |
| 700 | 0 | |a González, Delia Beatriz |e author |9 482082 | |
| 700 | 0 | |a Casini, Silvia |e author |9 482083 | |
| 245 | 1 | 0 | |a Leer la novela hispanoamericana del siglo XX |
| 300 | |a 212 p | ||
| 942 | |c BK | ||
| 945 | |d 20040116 00:00:00 |a cmena | ||
| 260 | |a San Juan |b Universidad Nacional de San Juan |c 1997 | ||
| 650 | 0 | |a Literatura hispanoamericana |9 269097 | |
| 650 | 0 | |a Historia de la literatura |9 322206 | |
| 650 | 0 | |a Literatura contemporánea |9 321959 | |
| 583 | |a last modification |c 20040116 00:00:00 |k Rodrigo Vera | ||
| 490 | 0 | |a Literatura | |
| 999 | |c 307352 |d 307350 | ||
| 952 | |0 0 |1 0 |4 0 |6 H_863_900000000000000_SAI_1997 |7 0 |8 A |9 373256 |a BIBEDU |b BIBEDU |d 2019-11-21 |i 3608786 |o H863.9 SAI 1997 |p 3608786 |r 2019-11-21 |w 2019-11-21 |y BK |k LIT | ||